000 02266nam a2200565 i 4500
001 834
003 KOSZ 005
005 20200428140710.0
008 200428s1980 pl a f 000 0 pol
015 _aUWD 1980/10363
035 _a991013633299705066
035 _a(PL-WaBN)b13670773-48omnis_nlop
035 _ab13670773
035 _a(OCoLC)830241907
035 _a(PL)b0000001367077
035 _a(EXLNZ-48OMNIS_NETWORK)9910077905205606
040 _aWA N
_cWA N
_dKOSZ 005/RW
046 _k1980
080 _a69
080 _a624
080 _a(075.8)
245 0 0 _aTechnologia robót budowlanych.
_nT. 2 :
_ppraca zbiorowa
_cKazimierz Jaworski [et al.] ; pod kierunkiem Władysława Lenkiewicza.
260 _aWarszawa :
_bWydawnictwa Politechniki Warszawskiej,
_c1980.
300 _a190, [1] stron :
_bilustracje, wykresy ;
_c24 cm.
336 _aTekst
_btxt
_2rdacontent
337 _aBez urządzenia pośredniczącego
_bn
_2rdamedia
338 _aWolumin
_bnc
_2rdacarrier
380 _aKsiążki
380 _aPublikacje dydaktyczne
385 _mPoziom nauczania
_aSzkoły wyższe
388 _a1901-2000
388 _a1945-1989
504 _aBibliografia na stronie [191].
521 8 _aSkrypt jest przeznaczonych dla studentów specjalności Technologia i Organizacja Budownictwa Wydziału Inżynierii Lądowej, ale może być wykorzystywany też przez studentów innych specjalności do ćwiczeń z przedmiotu Technologia Robót Budowlanych.
650 7 _aBudownictwo
_2DBN
650 7 _aTechnologia
650 7 _aMaszyny budowlane
655 7 _aPodręczniki akademickie
_2DBN
658 _aArchitektura i budownictwo
700 1 _aJaworski, Kazimierz Maksymilian
_d(1943-2007)
_eAutor
700 1 _aMartinek, Włodzimierz
_eAutor
700 1 _aWasilewski, Zbigniew Jan
_eAutor
700 1 _aWęgrzyn, Ewa
_eAutor
700 1 _aZakrzewski, Przemysław
_eAutor
700 1 _aLenkiewicz Władysław
_d(1915-2005)
_eRedakcja
710 2 _aOficyna Wydawnicza Politechniki Warszawskiej
_4pbl
856 _uhttp://koha.tu.koszalin.pl/cgi-bin/koha/opac-detail.pl?biblionumber=834
_yKatalog online BPK
942 _2UKD
_cKS
999 _c834
_d834